000 00464nam a22001817a 4500
020 _a9789357326094
082 _aM3(ITr.)
_bMUR/K
100 _aMurugan Perumal
245 _aKumarasuran/
_cby Murugan Perumal
260 _aKottayam:
_bD C Books,
_c2025.
300 _a365p.
650 _aTranslation of Tamil Novel
650 _aNovel Malayalam
650 _aLiterature Malayalam
650 _aLiterature
700 _aBaburaj Kalamboor(tr.)
942 _cBK
999 _c181913
_d181913